Welcome to CU Library Online Public Access Catalogue (OPAC)

THE HOLY SPIRIT AND SPIRITUAL GIFTS (Record no. 6981)

MARC details
000 -LEADER
fixed length control field 00433nam a22001577a 4500
005 - DATE AND TIME OF LATEST TRANSACTION
control field 20250715174333.0
008 - FIXED-LENGTH DATA ELEMENTS--GENERAL INFORMATION
fixed length control field 250715b |||||||| |||| 00| 0 eng d
020 ## - INTERNATIONAL STANDARD BOOK NUMBER
International Standard Book Number 9781565633520
050 ## - LIBRARY OF CONGRESS CALL NUMBER
Classification number BS 2545
Item number TUR
100 ## - MAIN ENTRY--PERSONAL NAME
Personal name TURNER, MAX
245 ## - TITLE STATEMENT
Title THE HOLY SPIRIT AND SPIRITUAL GIFTS
Statement of responsibility, etc. MAX TURNER
250 ## - EDITION STATEMENT
Edition statement REVISED EDITION
260 ## - PUBLICATION, DISTRIBUTION, ETC.
Place of publication, distribution, etc. MASSACHUSETTS
Name of publisher, distributor, etc. HENDRICKSON PUBLISHERS
Date of publication, distribution, etc. c1996
300 ## - PHYSICAL DESCRIPTION
Extent xv,;383p,;
942 ## - ADDED ENTRY ELEMENTS (KOHA)
Source of classification or shelving scheme Library of Congress Classification
Koha item type Books
Suppress in OPAC No
999 ## -
-- 6981
-- 6981
Holdings
Withdrawn status Lost status Source of classification or shelving scheme Damaged status Not for loan Collection Home library Current library Shelving location Date acquired Total checkouts Full call number Barcode Date last seen Copy number Price effective from Koha item type
    Library of Congress Classification     Non-fiction Undergraduate Library (Christ Temple) Undergraduate Library (Christ Temple) General stacks 07/15/2025   BS 2545 TUR ulct00003867 07/15/2025 1 07/15/2025 Books
© 2023-2024 Copyright: Central University Libraries. All Rights Reserved | Created by: Mahone Tech Office